Statistics for Countries with stars on their flags #1

Click here to take the quiz!

General Stats

  • This quiz has been taken 27 times
  • The average score is 13 of 16

Answer Stats

Answer% Correct
Australia
100%
Brazil
100%
China
100%
New Zealand
100%
United States of America
100%
Pakistan
92%
Vietnam
92%
Kosovo
85%
Tunisia
85%
Turkey
85%
Papau New Guinea
77%
Algeria
69%
Burkina Faso
69%
D.R. Congo
69%
Cameroon
62%
Myanmar
62%

Score Distribution

Percentile by Number Answered

Percent of People with Each Score

Your Score History

You have not taken this quiz